000 00577nam a2200193Ia 4500
005 20250508154525.0
008 008 250505s9999 xx 000 0 eng d
037 _aTextual
040 _aFEDL
_beng
_cFEDL
041 _aeng
_2eng
084 _a301.15, KEL
_qFEDL
100 _aKelman Herbert C. Ed.
_9121064
245 0 _aInternational behavior : A social - psychological analysis
260 _aNew York, USA
_bHolt, Rinehart and Winston
_c1965
300 _axiv,626p.
650 _aSociology
942 _cTEXL
_h301.15, KEL
999 _c1350762
_d1350762